00685nam a22002057a 450000500170000001000150001702000270003203500140005903700130007308200100008610000220009624500520011826000350017027000580020530000210026350000290028494200240031399900190033795201230035620180703095949.0 aENG-123329 a9789381284698c1000.00 aEN-106861 bDBAD/PUB a658.3 aSharma, Trilochan aHuman resource management /cbyTrilochan Sharma aNew DelhibRishabh Booksc2017 a4575/15, Ansari Road, Dharya Ganj,bNew Delhie110002 a256p.c22cm.(Hb) aIt includes bibliography 2ddccENmSHAh658.3 c153178d153178 001040718NFICaDBADbLd2018-06-28eDBAD/PUBg1000.00l0o658.3 SHApEN-106861r2018-06-28 00:00:00t1v1000.00yEN